00765nam a2200205 a 4500008004100000020001500041050001400056100002800070245003900098246002600137260004900163300002200212350000900234500001800243650001400261650002800275995010900303999001700412952013000429120416s1998 ||||||||||||||||| || u a0521586380 aHD 87 Aco aAcocella, Nicola, 1939-14aThe foundations of economic policy avalues and techniques aCambridgebCambridge University Pressc1998. axx, 519 p. : ill. a0.00 aBibliography. 0aECONOMICS aECONOMIC POLICY--AFRICA D0.00FCBU-MAIN LIBRARY (Kitwe)H1I28.95M1UAVAILABLEWAug 1, 2006ZMain Library Open Access Collection c43891d43891 00102lcc4070a001b001cMain Library Open Access Collectiond2022-11-30l0oHD 87 Acop028077r2022-11-30w2022-11-30y002